|
|
|
|
| LEADER |
01011nam a22002532a 4500 |
| 001 |
000797156 |
| 003 |
CZ BrMZK |
| 005 |
20150519081905.0 |
| 007 |
ta |
| 008 |
051114s1954 xr er|||||||||||cze d |
| 015 |
|
|
|a cnb000732986
|
| 040 |
|
|
|a ABA001
|b cze
|c LIA001
|d ABA001
|
| 100 |
1 |
|
|a Staněk, Stanislav,
|d 1903-1982
|7 jk01120855
|4 aut
|
| 245 |
1 |
0 |
|a Náčrt květeny Gottwaldovského kraje /
|c Stanislav Staněk
|
| 260 |
|
|
|a Gottwaldov :
|b Krajské museum,
|c 1954
|
| 300 |
|
|
|a 46 s. ;
|c 8°
|
| 490 |
1 |
|
|a Studie Krajského musea v Gottwaldově. Přírodovědecká řada ;
|v č. 1
|
| 504 |
|
|
|a Obsahuje bibliografii
|
| 830 |
|
0 |
|a Studie Krajského musea v Gottwaldově.
|p Přírodovědecká řada
|
| 910 |
|
|
|a BOA001
|b 2-0356.793
|b PK-0015.213
|
| 964 |
|
|
|a Gottwaldovsko - květena - příručky
|
| 990 |
|
|
|a BK
|
| 996 |
6 |
|
|b 2618937310
|c 2-0356.793
|l MZK
|r Sklad / do 24 hodin
|n 0
|w 000797156
|u 000020
|a 1
|e BOA001
|j MZK50
|s P
|
| 996 |
7 |
|
|b 3119655497
|c PK-0015.213
|l MZK
|r Sklad / do 1 hodiny
|n 4
|w 000797156
|u 000010
|a 1
|e BOA001
|j MZK50
|s A
|